Players of National Teams - Greece - Statistics

General Stats
  • This quiz has been taken 7 times
  • The average score is 15 of 24
Answer Stats
Pos. Team Player % Correct
LW Club Brugge Christos Tzolis
83%
AM KRC Genk Konstantinos Karetsas
83%
GK Olympiacos Konstantinos Tzolakis
83%
CB Olympiacos Panagiotis Retsos
83%
AM Panathinaikos Anastasios Bakasetas
67%
FW Panathinaikos Andreas Tetteh
67%
FW Brighton & Hove Albion Charalampos Kostoulas
67%
GK AFC Bournemouth Christos Mandas
67%
CM Olympiacos Christos Mouzakitis
67%
CM PAOK Christos Zafeiris
67%
DM Al-Khaleej Dimitrios Kourbelis
67%
LW Al-Khaleej Georgios Masouras
67%
RB Sporting CP Georgios Vagiannidis
67%
CB PAOK Giannis Michailidis
67%
CB VfL Wolfsburg Konstantinos Koulierakis
67%
RB AEK Athens Lazaros Rota
67%
GK Sevilla FC Odysseas Vlachodimos
67%
CB FC Copenhagen Pantelis Hatzidiakos
67%
FW SL Benfica Vangelis Pavlidis
67%
DM Panathinaikos Manolis Siopis
50%
AM AEK Athens Petros Mantalos
50%
LB APO Levadiakos Marios Vichos
33%
CM Minnesota United Nectarios Triantis
33%
LB AS Roma Konstantinos Tsimikas
0%
No matching quizzes found
Score Distribution
Percent of People with Each Score
Percentile by Number Answered
Your Score History
You have not taken this quiz